| 000 | 01329nam a2200301 i 4500 | ||
|---|---|---|---|
| 001 | 170655 | ||
| 003 | ES-MaACL | ||
| 005 | 20250808062733.0 | ||
| 008 | 090326s1950 sp |||| | spa d | ||
| 100 | 0 |
_aAgustín _cSanto, Obispo de Hipona. _9125563 |
|
| 245 | 1 | 0 |
_aObras de San Agustín / _cpublicadas bajo la dirección de Felix García. |
| 250 | _aEd. bilingüe, 2ª ed. | ||
| 260 |
_aMadrid : _b[La Editorial Católica], _c1950. |
||
| 300 |
_a2 v. ; _c20 cm. |
||
| 490 | 1 |
_aBiblioteca de autores cristianos ; _v10-11 |
|
| 505 | 8 | _aContiene: 1. Introducción general ; Bibliografía ; Vida de San Agustín / escrita por San Posidio ; Introducción a los Diálogos ; Soliloquios ; De la vida feliz ; Del orden / preparado por Victorino Capanaga - 2. Las confesiones / edición crítica y anotada por Ángel Custodio Vega | |
| 546 | _aTexto en latín y traducción en castellano. | ||
| 600 | 0 | 4 |
_aAgustín, _cSanto, Obispo de Hipona. _9125563 |
| 700 | 1 |
_aGarcía, Félix, _d1897-1983 _9172116 |
|
| 700 | 0 |
_aPosidio, _cSanto. _9172117 |
|
| 700 | 1 |
_aCapanaga, Victorino. _934776 |
|
| 700 | 1 |
_aVega, Ángel Custodio. _9113535 |
|
| 740 | 0 | 2 | _aVida de San Agustín. |
| 740 | 4 | 2 | _aLas confesiones. |
| 830 | 1 | 0 |
_aBiblioteca de autores cristianos _v10-11 _9178679 |
| 852 |
_aES-MaACL _jJ-11-12 |
||
| 999 |
_c170655 _d170655 |
||